[Event "St Petersburg Korchnoi Memorial op"]
[Site "St Petersburg"]
[Date "2023.08.19"]
[Round "3"]
[White "Rubtsov, Aleksandr1"]
[Black "Baroyan, David"]
[Result "1-0"]
[WhiteElo "1789"]
[BlackElo "1514"]
[PlyCount "47"]
[EventDate "2023.08.18"]
[EventType "swiss"]
[EventRounds "9"]
[EventCountry "RUS"]
[SourceTitle "CBM 216 Extra"]
[Source "ChessBase"]
[SourceDate "2023.11.30"]
[SourceVersion "1"]
[SourceVersionDate "2023.11.30"]
[SourceQuality "1"]

1. e4 c5 2. Nf3 d6 3. d4 cxd4 4. Nxd4 Nf6 5. Nc3 a6 6. Be3 e5 7. Nb3 Be6 8. f3 h5 9. Qd2 Be7 10. 0-0-0 Nbd7 11. Nd5 Bxd5 12. exd5 Rc8 13. Na5 Qc7 14. c4 Bd8 15. b4 Nb8 16. Kb1 Qd7 17. Nb3 b6 18. Be2 Qb7 19. g4 hxg4 20. fxg4 Rh3 21. Qd3 Nxd5 22. cxd5 Bg5 23. Bxg5 Rxd3 24. Rxd3 1-0